Central Library OPAC University of Rajshahi

Cost accounting and costing methods / (Record no. 61394)

MARC details
000 -LEADER
fixed length control field 00654nam a2200229 a 4500
001 - CONTROL NUMBER
control field 61394
003 - CONTROL NUMBER IDENTIFIER
rucl marc code BD-RjUL
005 - DATE AND TIME OF LATEST TRANSACTION
control field 20211209080945.0
008 - FIXED-LENGTH DATA ELEMENTS--GENERAL INFORMATION
fixed length control field 170117m19531948enka 001 0 eng d
035 ## - SYSTEM CONTROL NUMBER
System control number (BD-RjUL)61518
040 ## - CATALOGING SOURCE
Original cataloging agency EQO
Transcribing agency EQO
Language of cataloging eng
Modifying agency BD-RjUL
041 ## - LANGUAGE CODE
Language code of text/sound track or separate title eng
082 ## - DEWEY DECIMAL CLASSIFICATION NUMBER
Edition number 23
Classification number 657.42
Author mark and year WHC 1953
100 1# - MAIN ENTRY--PERSONAL NAME
Personal name Wheldon, Harold J.
9 (RLIN) 183041
245 10 - TITLE STATEMENT
Title Cost accounting and costing methods /
Statement of responsibility, etc. Harold J. Wheldon
250 ## - EDITION STATEMENT
Edition statement 9th ed.
260 ## - PUBLICATION, DISTRIBUTION, ETC. (IMPRINT)
Place of publication, distribution, etc. London :
Name of publisher, distributor, etc. Macdonald & Evans,
Date of publication, distribution, etc. 1948 [ Reprinted 1953]
300 ## - PHYSICAL DESCRIPTION
Pagination xviii, 538 p. :
Illustrations ill ;
Size 24 cm.
500 ## - GENERAL NOTE
General note Include index.
650 ## - SUBJECT ADDED ENTRY--TOPICAL TERM
Topical term or geographic name as entry element Cost accounting.
9 (RLIN) 176383
942 ## - ADDED ENTRY ELEMENTS (KOHA)
Source of classification or shelving scheme Dewey Decimal Classification
Koha item type Books
Holdings
Lost status Source of classification or shelving scheme Damaged status Not for loan Collection code Permanent Location Current Location Shelving location Date acquired Source of acquisition Cost, normal purchase price Total Checkouts Full call number Date last seen Copy number Koha item type
  Dewey Decimal Classification     Non-fiction Central Library, University of Rajshahi Central Library, University of Rajshahi Reading Room 10/06/1955 Allies Books Corporation, 9.13   657.42 WHC 1953 17/01/2017 C-1 Books
  Dewey Decimal Classification     Non-fiction Central Library, University of Rajshahi Central Library, University of Rajshahi   07/04/2019       657.42 WHC 1953 07/04/2019 C-2 Books
  Dewey Decimal Classification     Non-fiction Central Library, University of Rajshahi Central Library, University of Rajshahi   07/04/2019       657.42 WHC 1953 07/04/2019 C-3 Books
  Dewey Decimal Classification     Non-fiction Central Library, University of Rajshahi Central Library, University of Rajshahi   11/05/1976 b.n.cc     657.42 WHC 1953 09/04/2019 C-4 Books